[Event "La Pobla de Lillet op-B 29th"]
[Site "La Pobla de Lillet"]
[Date "2019.08.08"]
[Round "7"]
[White "Molina Manas, Miquel"]
[Black "Reyes, Guillermo Carlos"]
[Result "1/2-1/2"]
[WhiteElo "1613"]
[BlackElo "1700"]
[PlyCount "44"]
[EventDate "2019.08.02"]
[EventType "swiss"]
[EventRounds "9"]
[EventCountry "ESP"]
[SourceTitle "EXT 2022"]
[Source "ChessBase"]
[SourceDate "2021.10.06"]
[SourceVersion "1"]
[SourceVersionDate "2021.10.06"]
[SourceQuality "1"]

1. a3 Nf6 2. d4 d5 3. Nf3 c6 4. e3 Bg4 5. Be2 Nbd7 6. 0-0 e6 7. Nbd2 Bd6 8. c4 dxc4 9. Nxc4 Bc7 10. Nce5 Bxf3 11. Nxf3 0-0 12. b4 Qe7 13. Bb2 Rfd8 14. Qc2 e5 15. dxe5 Nxe5 16. Nxe5 Bxe5 17. Bf3 Bxb2 18. Qxb2 Rd6 19. Rad1 Rad8 20. Qc2 Qe5 21. h3 g6 22. Rxd6 Rxd6 1/2-1/2

[Event "Barcelona Tres Peons-B 46th"]
[Site "Barcelona"]
[Date "2017.05.12"]
[Round "4.3"]
[White "Molina Manas, Miquel"]
[Black "Ortiz Padro, Pol"]
[Result "0-1"]
[WhiteElo "1626"]
[BlackElo "1457"]
[PlyCount "82"]
[EventDate "2017.04.21"]
[EventType "swiss"]
[EventRounds "9"]
[EventCountry "ESP"]
[SourceTitle "EXT 2024"]
[Source "ChessBase"]
[SourceDate "2023.10.10"]
[SourceVersion "1"]
[SourceVersionDate "2023.10.10"]
[SourceQuality "1"]

1. e4 c5 2. Nf3 a6 3. d4 cxd4 4. Nxd4 Nf6 5. Nc3 e5 6. Nf5 d5 7. Bg5 Bxf5 8. exf5 d4 9. Ne2 Nc6 10. a3 Be7 11. g3 h6 12. Bd2 0-0 13. Bg2 Qd7 14. Bh3 Bc5 15. Nc1 e4 16. Nb3 Ba7 17. Qe2 Rfe8 18. 0-0-0 Rac8 19. Kb1 Ne5 20. g4 d3 21. cxd3 exd3 22. Qf1 Nexg4 23. Rg1 Nxf2 24. Qg2 Nh5 25. Bxh6 Nxh3 26. Qxh3 Bxg1 27. Rxg1 g6 28. Qxh5 Re5 29. Rxg6+ fxg6 30. Qxg6+ Kh8 31. Qf6+ Kh7 32. Qg6+ Kh8 33. Qf6+ Kh7 34. Qxe5 Kxh6 35. Qf6+ Kh7 36. Qg6+ Kh8 37. Qh6+ Qh7 38. Qf6+ Qg7 39. Qh4+ Kg8 40. Qe4 Rc2 41. Qxd3 Qxb2# 0-1

[Event "Barcelona Sant Marti op-B 18th"]
[Site "Barcelona"]
[Date "2016.07.20"]
[Round "8.35"]
[White "Molina Manas, Miquel"]
[Black "Martin Valentin, Francesco"]
[Result "1/2-1/2"]
[WhiteElo "1606"]
[BlackElo "1836"]
[PlyCount "85"]
[EventDate "2016.07.13"]
[EventType "swiss"]
[EventRounds "9"]
[EventCountry "ESP"]
[SourceTitle "EXT 2024"]
[Source "ChessBase"]
[SourceDate "2023.10.10"]
[SourceVersion "1"]
[SourceVersionDate "2023.10.10"]
[SourceQuality "1"]

1. e4 d5 2. exd5 Qxd5 3. Nc3 Qd6 4. Nf3 Bg4 5. Be2 Nf6 6. 0-0 e6 7. d3 c6 8. Ng5 Bxe2 9. Qxe2 Nbd7 10. Nge4 Qc7 11. Nxf6+ Nxf6 12. Ne4 Nxe4 13. Qxe4 Bd6 14. g3 0-0 15. Bd2 Rae8 16. Bc3 f5 17. Qg2 e5 18. Rae1 Re7 19. Re2 f4 20. Qe4 fxg3 21. hxg3 Rfe8 22. Kg2 Re6 23. Rh1 g6 24. Ree1 Qf7 25. Rh2 R6e7 26. Reh1 Qd5 27. a3 Qxe4+ 28. dxe4 Bc5 29. Rd1 Rf8 30. Rd2 b5 31. b4 Bb6 32. Kf1 Bc7 33. Rd3 Rd8 34. Rxd8+ Bxd8 35. Ke2 Bc7 36. Bd2 Kg7 37. Bg5 Rd7 38. Be3 a5 39. c3 axb4 40. axb4 Bb8 41. Rh1 Ba7 42. Ra1 Bxe3 43. Kxe3 1/2-1/2

[Event "Barcelona Sant Marti op-B 18th"]
[Site "Barcelona"]
[Date "2016.07.13"]
[Round "1.21"]
[White "Molina Manas, Miquel"]
[Black "Minko, Dmitry"]
[Result "0-1"]
[WhiteElo "1606"]
[BlackElo "1884"]
[PlyCount "84"]
[EventDate "2016.07.13"]
[EventType "swiss"]
[EventRounds "9"]
[EventCountry "ESP"]
[SourceTitle "EXT 2024"]
[Source "ChessBase"]
[SourceDate "2023.10.10"]
[SourceVersion "1"]
[SourceVersionDate "2023.10.10"]
[SourceQuality "1"]

1. e4 e5 2. Nc3 Nf6 3. Bc4 Nc6 4. d3 h6 5. Nge2 Bc5 6. h3 0-0 7. 0-0 Na5 8. Bb3 Nxb3 9. axb3 a6 10. Be3 Ba7 11. Bxa7 Rxa7 12. f4 exf4 13. Nxf4 Re8 14. Qf3 b6 15. Nfd5 Re6 16. Qg3 Nxd5 17. Nxd5 d6 18. Rf2 Rg6 19. Qf3 c6 20. Nf4 Rg5 21. Ne2 c5 22. Nf4 b5 23. Nd5 h5 24. Nf4 h4 25. Qe3 Re7 26. Raf1 Ree5 27. d4 Rg3 28. Rf3 Reg5 29. Rxg3 Rxg3 30. Rf3 cxd4 31. Qxd4 Rxf3 32. gxf3 Qg5+ 33. Ng2 Bxh3 34. Qf2 Qxg2+ 35. Qxg2 Bxg2 36. Kxg2 g5 37. Kh3 Kf8 38. f4 f6 39. f5 Ke7 40. c4 Kd7 41. cxb5 axb5 42. b4 d5 0-1

[Event "Barcelona Sant Marti op-B 16th"]
[Site "Barcelona"]
[Date "2014.07.20"]
[Round "8"]
[White "Molina Manas, Miquel"]
[Black "Palomero Galvez, Antonio"]
[Result "1/2-1/2"]
[WhiteElo "1832"]
[BlackElo "1750"]
[PlyCount "65"]
[EventDate "2014.07.13"]
[EventType "swiss"]
[EventRounds "9"]
[EventCountry "ESP"]
[SourceTitle "CBM 161 Extra"]
[Source "ChessBase"]
[SourceDate "2014.08.29"]
[SourceVersion "1"]
[SourceVersionDate "2014.08.29"]
[SourceQuality "1"]

1. d4 Nf6 2. Nf3 e6 3. g3 b6 4. Bg2 Bb7 5. 0-0 c5 6. c3 cxd4 7. cxd4 Be7 8. b3 0-0 9. Bb2 d6 10. Nbd2 Nbd7 11. Rc1 Rc8 12. e3 Rxc1 13. Qxc1 Qa8 14. Re1 Rc8 15. Qb1 Ne4 16. Nxe4 Bxe4 17. Qd1 Nf6 18. Nh4 Bxg2 19. Nxg2 Qe4 20. Qb1 Qc2 21. Rc1 Qxb1 22. Rxb1 Ne4 23. Rc1 Rxc1+ 24. Bxc1 Nc3 25. Bd2 Nxa2 26. Ne1 d5 27. Nd3 f6 28. Kf1 Kf7 29. Ke1 Bd6 30. Kd1 a5 31. Kc2 Nb4+ 32. Nxb4 axb4 33. Kd3 1/2-1/2

[Event "Barcelona Sant Marti op-B 16th"]
[Site "Barcelona"]
[Date "2014.07.16"]
[Round "4"]
[White "Molina Manas, Miquel"]
[Black "Torrents Senal, Marc"]
[Result "1/2-1/2"]
[WhiteElo "1832"]
[BlackElo "1991"]
[PlyCount "32"]
[EventDate "2014.07.13"]
[EventType "swiss"]
[EventRounds "9"]
[EventCountry "ESP"]
[SourceTitle "CBM 161 Extra"]
[Source "ChessBase"]
[SourceDate "2014.08.29"]
[SourceVersion "1"]
[SourceVersionDate "2014.08.29"]
[SourceQuality "1"]

1. d4 e5 2. d5 Bc5 3. e4 d6 4. g3 f5 5. Bb5+ Bd7 6. Bxd7+ Qxd7 7. f3 fxe4 8. fxe4 Nf6 9. Qe2 Qa4 10. c4 Bxg1 11. Rxg1 Rf8 12. b3 Qd7 13. Bg5 Qg4 14. Bxf6 Qxe2+ 15. Kxe2 Rxf6 16. Nd2 Nd7 1/2-1/2

[Event "Barcelona Sants op-B 11th"]
[Site "Barcelona"]
[Date "2009.07.16"]
[Round "4"]
[White "Molina Manas, Miquel"]
[Black "Arilla Santos, Eduardo"]
[Result "1/2-1/2"]
[WhiteElo "1632"]
[BlackElo "1915"]
[PlyCount "63"]
[EventDate "2009.07.13"]
[EventType "swiss"]
[EventRounds "9"]
[EventCountry "ESP"]
[SourceTitle "EXT 2011"]
[Source "ChessBase"]
[SourceDate "2010.11.26"]
[SourceVersion "1"]
[SourceVersionDate "2010.11.26"]
[SourceQuality "1"]

1. e4 e5 2. Nf3 Nc6 3. Bb5 a6 4. Ba4 Nf6 5. Bxc6 bxc6 6. Nxe5 Nxe4 7. 0-0 Be7 8. d3 Nf6 9. Re1 0-0 10. Bg5 Bb7 11. Ng4 Re8 12. Nxf6+ Bxf6 13. Rxe8+ Qxe8 14. Bxf6 gxf6 15. Nd2 Qe6 16. Ne4 Qf5 17. Qd2 c5 18. Re1 Kg7 19. Ng3 Qd5 20. f3 c4 21. Qf4 cxd3 22. Nf5+ Kh8 23. cxd3 Rg8 24. Ne7 Qc5+ 25. d4 Qg5 26. Qxg5 Rxg5 27. Kf2 Kg7 28. g4 Rb5 29. Nf5+ Kf8 30. Re2 a5 31. Rc2 Bc6 32. b3 1/2-1/2